000 00531nam a2200193Ia 4500
005 20250508151346.0
008 008 250505s9999 xx 000 0 eng d
037 _aTextual
040 _aFEDL
_beng
_cFEDL
041 _aeng
_2eng
084 _a330.9, SCH
_qFEDL
100 _aSchumpeter Joseph A.
245 0 _aHistory of economic analysis
260 _aNew York, USA
_bOxford University Press
_c1954
300 _axxv,1260p.
650 _aEconomics
942 _cTEXL
_h330.9, SCH
999 _c1329274
_d1329274